| 000 | 00756nam a2200241 a 4500 | ||
|---|---|---|---|
| 001 | BRL_724 | ||
| 005 | 20190320210852.0 | ||
| 008 | 300913s1928----gw-c######---#000-0#ger-# | ||
| 041 | _ager | ||
| 044 | _agw | ||
| 050 | 4 |
_aDC203 _b.M47 1928 |
|
| 100 | 1 |
_aMerezhkovsky, Dmitry Sergeyevich _d1865-1941 _924756 |
|
| 245 | 1 | 0 |
_aNapoleon _bSein Leben Napoleon der Mensch _cD. S. Mereschkowskij : Deutsch von Arthur Luther. |
| 260 |
_aLeipzig _bGrethlein _c1928 |
||
| 300 |
_a537 p. _bil. _c21 cm. |
||
| 500 | _aAu831 | ||
| 600 | 1 | 4 |
_aNapoleón I, Emperador de Francia _d1769-1821 _9317 |
| 650 | 1 | 4 |
_aEmperadores _vBiografía _zFrancia _924757 |
| 651 | 4 |
_aFrancia _xHistoria _z1789-1815 _924758 |
|
| 700 | 1 |
_aLuther, Arthur _924759 |
|
| 902 | _aGRL | ||
| 942 |
_2lcc _cB |
||
| 999 |
_c9536 _d9536 |
||